| 000 | 00820 a2200193 4500 | ||
|---|---|---|---|
| 999 |
_c3026 _d3026 |
||
| 020 | _a0805810609 | ||
| 050 | 0 | 0 | _aHQ 778.7U6 CHI 1992 |
| 100 |
_aBooth, Alan _eeditor |
||
| 245 | 0 | 0 |
_aChild care in the 1990s : _btrends and consequences / _cedited by Alan Booth. |
| 264 |
_aHillsdale, New jersey: _bLawrence Erlbaum Associations, _c1992 |
||
| 300 |
_ax, 245 p. _bill. |
||
| 500 | _aincludes index | ||
| 504 | _aIncludes bibliographical references | ||
| 650 | 0 |
_aChild care services _xCongresses. |
|
| 700 | 1 |
_aBooth, Alan _d1935-2015. _eeditor |
|
| 856 | 4 | 2 |
_3Publisher description _uhttp://www.loc.gov/catdir/enhancements/fy0731/92001110-d.html |
| 942 |
_2lcc _cBK _h778.7U6 _iCHI _kHQ |
||